Cultural and Institutional Barriers to Migrants’ Integration in the Context of the Slovak Republic

Inštitucionálne a kultúrne bariéry brániace integrácii. Kultúra a kultúrna identita. Hodnotenie integračnej politiky Slovenska so zameraním na jeho hlavné inštitucionálne a kultúrne nedostatky. Výskum zameraný na skúmanie prekážok integračného procesu na základe Migrant International Policy Index (M...

Ausführliche Beschreibung

Gespeichert in:
Bibliographische Detailangaben
1. Verfasser: Kiner, Andrej, 1996-
Format: Buchkapitel
Sprache:Englisch
Schlagworte:
Tags: Tag hinzufügen
Keine Tags, Fügen Sie das erste Tag hinzu!

MARC

LEADER 00000naa$a2200000$$$4500
001 0272515
005 20240502074308.4
041 0 |a eng 
044 |a SK 
245 1 0 |a Cultural and Institutional Barriers to Migrants’ Integration in the Context of the Slovak Republic  |c Andrej Kiner 
520 |a Inštitucionálne a kultúrne bariéry brániace integrácii. Kultúra a kultúrna identita. Hodnotenie integračnej politiky Slovenska so zameraním na jeho hlavné inštitucionálne a kultúrne nedostatky. Výskum zameraný na skúmanie prekážok integračného procesu na základe Migrant International Policy Index (MIPEX). 
610 2 0 |a kultúra 
610 2 0 |a identita 
610 2 0 |a integrácia 
610 2 0 |a Slovensko 
100 1 |a Kiner, Andrej, 1996-